000 00628nam a2200253Ia 4500
005 20260121153834.0
008 008 260114s9999 xx 000 0 eng d
020 _a9781315213989
037 _aEBOOK
040 _aCRL
040 _beng
040 _cCRL
041 _2eng
041 _aeng
084 _qCRL
100 _aR.K. Pandey; S.N. Sahu; S. Chandra
_9999771
245 0 _aHandbook of Semiconductor Electrodeposition
260 _bTaylor and Francis
260 _c1996
856 _uhttp://www.taylorfrancis.com/books/9781315213989
942 _cEBOOK
999 _c1566592
_d1566592